Automotive Mechanics / (Record no. 4117)

MARC details
000 -LEADER
fixed length control field 01122nac a22002531u 4500
008 - FIXED-LENGTH DATA ELEMENTS--GENERAL INFORMATION
fixed length control field 100914t xxu||||| |||| 00| 0 eng d
010 ## - LIBRARY OF CONGRESS CONTROL NUMBER
LC control number 92036588
020 ## - INTERNATIONAL STANDARD BOOK NUMBER
International Standard Book Number 0070634351
082 00 - DEWEY DECIMAL CLASSIFICATION NUMBER
Classification number 629.2872
Item number CRO
100 ## - MAIN ENTRY--PERSONAL NAME
Personal name Crouse, William Harry,
9 (RLIN) 19038
245 10 - TITLE STATEMENT
Title Automotive Mechanics /
Statement of responsibility, etc William H. Crouse and Donald L. Anglin.
250 ## - EDITION STATEMENT
Edition statement 10th ed.
260 ## - PUBLICATION, DISTRIBUTION, ETC. (IMPRINT)
Place of publication, distribution, etc New York :
Name of publisher, distributor, etc Tata Macgraw Hill,
Date of publication, distribution, etc c1993.
300 ## - PHYSICAL DESCRIPTION
Extent xi, 820 p. :
Other physical details ill. (some col.) ;
Dimensions 29 cm.
500 ## - GENERAL NOTE
General note Includes index.
650 #0 - SUBJECT ADDED ENTRY--TOPICAL TERM
Topical term or geographic name as entry element Automobiles.
9 (RLIN) 19039
650 #0 - SUBJECT ADDED ENTRY--TOPICAL TERM
Topical term or geographic name as entry element Automobiles
General subdivision Maintenance and repair.
9 (RLIN) 19040
650 #0 - SUBJECT ADDED ENTRY--TOPICAL TERM
Topical term or geographic name as entry element Automobiles
General subdivision Maintenance and repair
-- Examinations, questions, etc.
9 (RLIN) 19041
700 1# - ADDED ENTRY--PERSONAL NAME
Personal name Anglin, Donald L.
9 (RLIN) 19042
856 42 - ELECTRONIC LOCATION AND ACCESS
Materials specified Publisher description
Uniform Resource Identifier <a href="http://www.loc.gov/catdir/description/mh031/92036588.html">http://www.loc.gov/catdir/description/mh031/92036588.html</a>
856 42 - ELECTRONIC LOCATION AND ACCESS
Materials specified Table of contents
Uniform Resource Identifier <a href="http://www.loc.gov/catdir/toc/mh031/92036588.html">http://www.loc.gov/catdir/toc/mh031/92036588.html</a>
942 ## - ADDED ENTRY ELEMENTS (KOHA)
Item type Book - Borrowing
Call number prefix 629.2872CRO
Source of classification or shelving scheme Dewey Decimal Classification
Holdings
Withdrawn status Item status Source of classification or shelving scheme Damaged status Not for loan Vendor Home library Current library Shelving location Date acquired Source of acquisition Total Checkouts Total Renewals Full call number Barcode Date last seen Date last borrowed Koha item type
    Dewey Decimal Classification       Central Library Central Library First floor 14/09/2010   4 3 629.2872 CRO 000000138 15/07/2025 25/11/2013 Book - Borrowing